[Event "España ch-2015 sub-16"]
[Site "Salobreña ESP"]
[Date "2015.07.21"]
[Round "3.16"]
[White "Lopez Mulet, Iñigo"]
[Black "Munoz Avila, Jose Luis"]
[Result "1-0"]
[WhiteElo "2345"]
[BlackElo "1908"]
[PlyCount "51"]
[EventDate "2015.07.20"]
[EventType "swiss"]
[EventRounds "9"]
[EventCountry "ESP"]
[Source "lmi"]
[SourceDate "2015.07.20"]

1. d4 Nf6 2. c4 e6 3. g3 d5 4. Bg2 dxc4 5. Nf3 Bb4+ 6. Nc3 O-O 7. O-O c5 8.
dxc5 Bxc5 9. Ne5 Qc7 10. Nxc4 a6 11. Bf4 Qe7 12. Rc1 Rd8 13. Qb3 Nc6 14. Bxc6
bxc6 15. Na5 Bd7 16. Na4 Ba7 17. Nxc6 Bxc6 18. Rxc6 Nd5 19. Rfc1 h6 20. Bd2 Qf6
21. Be1 Rab8 22. Qa3 a5 23. Nc3 Nb4 24. Rc4 Qg5 25. Ne4 Qb5 26. Bxb4 1-0

[Event "España ch-2015 sub-16"]
[Site "Salobreña ESP"]
[Date "2015.07.21"]
[Round "3.17"]
[White "Nieves Cabanes, Jose Manuel"]
[Black "Henderson de La Fuente, Andrea"]
[Result "1-0"]
[WhiteElo "2180"]
[BlackElo "1947"]
[PlyCount "111"]
[EventDate "2015.07.20"]
[EventType "swiss"]
[EventRounds "9"]
[EventCountry "ESP"]
[Source "lmi"]
[SourceDate "2015.07.20"]

1. d4 Nf6 2. c4 e5 3. dxe5 Ng4 4. Bf4 Nc6 5. Nf3 Bb4+ 6. Nc3 Bxc3+ 7. bxc3 Qe7
8. Qd5 f6 9. exf6 Nxf6 10. Qd1 d6 11. g3 O-O 12. Bg2 Bg4 13. O-O Rae8 14. Re1
Ne4 15. Rc1 Nc5 16. Be3 Kh8 17. Qc2 b6 18. Rcd1 Bf5 19. Qc1 Ne5 20. Nxe5 Qxe5
21. Bd4 Qe6 22. Qg5 Qg6 23. Qxg6 Bxg6 24. Bc6 Re7 25. f3 Bc2 26. Rc1 Ba4 27.
Bd5 Bd7 28. Bxc5 bxc5 29. Rb1 c6 30. Be4 Be6 31. Bd3 g6 32. Kf2 d5 33. cxd5
cxd5 34. Rb5 Rc7 35. Reb1 Kg7 36. h4 Re8 37. Rh1 c4 38. Bc2 Rce7 39. Ra5 Bf5
40. Bd1 Bc2 41. g4 Bxd1 42. Rxd1 Rxe2+ 43. Kg3 R8e7 44. Rdxd5 Rc2 45. Ra3 h6
46. Rda5 Re1 47. Rxa7+ Kg8 48. Rc7 Re8 49. Rxc4 Kf7 50. Ra7+ Kf6 51. Ra6+ Kf7
52. Rc7+ Kf8 53. Rxg6 Rxa2 54. Rxh6 Kg8 55. Rhc6 Raa8 56. h5 1-0

[Event "España ch-2015 sub-16"]
[Site "Salobreña ESP"]
[Date "2015.07.21"]
[Round "3.18"]
[White "Escudero Manzano, Sergio"]
[Black "Martin Iribar, Ander"]
[Result "1-0"]
[WhiteElo "2153"]
[BlackElo "1935"]
[PlyCount "45"]
[EventDate "2015.07.20"]
[EventType "swiss"]
[EventRounds "9"]
[EventCountry "ESP"]
[Source "lmi"]
[SourceDate "2015.07.20"]

1. e4 c5 2. Nf3 e6 3. c4 a6 4. Nc3 Nc6 5. Be2 Qc7 6. O-O Nf6 7. d4 cxd4 8. Nxd4
Bd6 9. h3 Be5 10. Be3 Qd6 11. c5 Qe7 12. f4 Bxd4 13. Bxd4 e5 14. fxe5 Nxe5 15.
Rf5 Nc6 16. Bxf6 gxf6 17. Nd5 Qxc5+ 18. Kh1 Kd8 19. Nxf6 Qe7 20. Qb3 b5 21. Qe3
Rb8 22. Nd5 Qe8 23. Qg5+ 1-0

[Event "España ch-2015 sub-16"]
[Site "Salobreña ESP"]
[Date "2015.07.21"]
[Round "3.19"]
[White "Perez Beltran, Jose Maria"]
[Black "Navarro Cabrera, Carlos"]
[Result "1-0"]
[WhiteElo "2011"]
[BlackElo "1926"]
[PlyCount "55"]
[EventDate "2015.07.20"]
[EventType "swiss"]
[EventRounds "9"]
[EventCountry "ESP"]
[Source "lmi"]
[SourceDate "2015.07.20"]

1. e4 c5 2. d4 cxd4 3. c3 Nf6 4. e5 Nd5 5. Nf3 Nc6 6. cxd4 d6 7. h3 e6 8. a3
Be7 9. Bd3 O-O 10. O-O Bd7 11. Qe2 h6 12. Qe4 f5 13. exf6 Nxf6 14. Qe2 Qc7 15.
Nc3 d5 16. Be3 a6 17. Qd2 Bd6 18. Nh4 e5 19. dxe5 Nxe5 20. Ng6 Nxg6 21. Bxg6
Be6 22. Ne2 Ne4 23. Qd3 Qe7 24. Bxe4 Bxh3 25. Bxd5+ Be6 26. Bxe6+ Qxe6 27. Rac1
Rad8 28. Qc4 1-0

[Event "España ch-2015 sub-16"]
[Site "Salobreña ESP"]
[Date "2015.07.21"]
[Round "3.20"]
[White "Rodriguez Mellado, Antonio"]
[Black "Puga Sanchez, Miguel"]
[Result "1-0"]
[WhiteElo "2007"]
[BlackElo "1904"]
[PlyCount "94"]
[EventDate "2015.07.20"]
[EventType "swiss"]
[EventRounds "9"]
[EventCountry "ESP"]
[Source "lmi"]
[SourceDate "2015.07.20"]

1. e4 e5 2. Nf3 Nc6 3. Bb5 a6 4. Ba4 Nf6 5. d3 b5 6. Bb3 Bc5 7. O-O d6 8. c3
Bb6 9. h3 Na5 10. Bc2 c5 11. Bg5 h6 12. Be3 O-O 13. Re1 Rb8 14. Nbd2 Qc7 15.
Nf1 b4 16. Ng3 bxc3 17. bxc3 c4 18. d4 Nc6 19. Nh4 Ba5 20. d5 Na7 21. Bxa7 Qxa7
22. Re3 g6 23. Qd2 Rb2 24. Qc1 Qb7 25. Rf3 Kg7 26. Bb3 Rxb3 27. axb3 Bd8 28.
bxc4 Ne8 29. Nxg6 fxg6 30. Rxf8 Kxf8 31. Qxh6+ Kf7 32. f4 exf4 33. Qxf4+ Kg7
34. Rf1 Bf6 35. Kh1 Qe7 36. Ne2 Be5 37. Qe3 Nf6 38. Nd4 Bxd4 39. Qxd4 Qe5 40.
Qxe5 dxe5 41. Rb1 Nxe4 42. Rb8 Bd7 43. Rb7 Nf6 44. c5 Kf8 45. c6 Bf5 46. d6 Ng8
47. Re7 Bc8 1-0

[Event "España ch-2015 sub-16"]
[Site "Salobreña ESP"]
[Date "2015.07.21"]
[Round "3.21"]
[White "Guniaeva, Olga"]
[Black "Motos Abellan, Daniel"]
[Result "1-0"]
[WhiteElo "1800"]
[BlackElo "1994"]
[PlyCount "98"]
[EventDate "2015.07.20"]
[EventType "swiss"]
[EventRounds "9"]
[EventCountry "ESP"]
[Source "lmi"]
[SourceDate "2015.07.20"]

1. d4 d5 2. c4 c6 3. Nc3 Nf6 4. Nf3 a6 5. b3 b5 6. e3 e6 7. Bd3 bxc4 8. bxc4
dxc4 9. Bxc4 c5 10. O-O Bb7 11. Be2 cxd4 12. Nxd4 Bd6 13. h3 O-O 14. Qb3 Qc7
15. Rb1 Nbd7 16. Qxb7 Qxc3 17. Bb2 Qa5 18. Qc6 Qe5 19. Nf3 Qd5 20. Rfc1 Nc5 21.
Qxd5 Nxd5 22. Bd4 Rfc8 23. Nd2 Nd7 24. Rxc8+ Rxc8 25. Bxa6 Rc2 26. Ne4 Bc7 27.
a4 h6 28. Bb5 Nb8 29. Ra1 Ba5 30. Nc5 Nc3 31. Bd3 Rd2 32. Bxc3 Bxc3 33. Rc1 Be5
34. Bb5 Ra2 35. Nd3 Bd6 36. e4 f6 37. f4 Kf7 38. e5 fxe5 39. fxe5 Be7 40. Rc8
Na6 41. Bxa6 Rxa4 42. Bc4 Kg6 43. Bxe6 Rd4 44. Bb3 Kg5 45. Ne1 Re4 46. Kf2 Kf4
47. Nf3 g5 48. Bc2 Rd4 49. Rc5 Bf8 1-0

[Event "España ch-2015 sub-16"]
[Site "Salobreña ESP"]
[Date "2015.07.21"]
[Round "3.22"]
[White "Pulido Esteban, Francisco Daniel"]
[Black "Marquez Marvizon, Alejandra"]
[Result "1/2-1/2"]
[WhiteElo "1692"]
[BlackElo "1968"]
[PlyCount "58"]
[EventDate "2015.07.20"]
[EventType "swiss"]
[EventRounds "9"]
[EventCountry "ESP"]
[Source "lmi"]
[SourceDate "2015.07.20"]

1. d4 d5 2. c4 c6 3. Nc3 dxc4 4. e4 b5 5. a4 b4 6. Na2 Nf6 7. f3 e6 8. Bxc4 a5
9. Be3 Ba6 10. Qc2 Qb6 11. Ne2 Be7 12. Nac1 O-O 13. O-O Nbd7 14. Rd1 Rfc8 15.
Bxa6 Qxa6 16. Nb3 Bd8 17. Nf4 Bb6 18. Qd3 e5 19. Qxa6 Rxa6 20. Ne2 exd4 21.
Bxd4 c5 22. Bf2 g6 23. Rd6 Ra7 24. Rad1 Bc7 25. R6d2 Bb6 26. Rd6 Bc7 27. R6d2
Bb6 28. Rd6 Bc7 29. R6d2 Bb6 1/2-1/2

[Event "España ch-2015 sub-16"]
[Site "Salobreña ESP"]
[Date "2015.07.21"]
[Round "3.23"]
[White "Lopez Rivera, Jesus"]
[Black "Rodriguez Redondo, Ethan"]
[Result "1-0"]
[WhiteElo "2163"]
[BlackElo "1686"]
[PlyCount "61"]
[EventDate "2015.07.20"]
[EventType "swiss"]
[EventRounds "9"]
[EventCountry "ESP"]
[Source "lmi"]
[SourceDate "2015.07.20"]

1. e4 c5 2. Ne2 Nc6 3. Nbc3 e6 4. d4 cxd4 5. Nxd4 Qc7 6. Be3 Nf6 7. f4 Bb4 8.
Ndb5 Qb8 9. a3 a6 10. axb4 axb5 11. Rxa8 Qxa8 12. Bc5 b6 13. Nxb5 Qb8 14. Bd6
Qb7 15. e5 Nd5 16. Qd2 f5 17. exf6 Nxf6 18. Bc4 Ne4 19. Qd3 Ne7 20. O-O Qc6 21.
Nc7+ Kf7 22. Bxe7 Qxc7 23. Qxe4 Kxe7 24. f5 Bb7 25. Qh4+ Ke8 26. fxe6 dxe6 27.
Bxe6 Qc6 28. Bf7+ Kd7 29. Qg4+ Ke7 30. Qxg7 Qc8 31. Qe5+ 1-0

[Event "España ch-2015 sub-16"]
[Site "Salobreña ESP"]
[Date "2015.07.21"]
[Round "3.24"]
[White "Perez Tores, Juan Miguel"]
[Black "Rodriguez Izquierdo, Luis"]
[Result "1-0"]
[WhiteElo "2129"]
[BlackElo "1828"]
[PlyCount "99"]
[EventDate "2015.07.20"]
[EventType "swiss"]
[EventRounds "9"]
[EventCountry "ESP"]
[Source "lmi"]
[SourceDate "2015.07.20"]

1. e4 c5 2. Nf3 e6 3. d4 cxd4 4. Nxd4 Nf6 5. Nc3 Nc6 6. Be3 Bb4 7. f3 d5 8.
Nxc6 bxc6 9. e5 Nd7 10. f4 Nc5 11. Qd4 Bxc3+ 12. Qxc3 Ne4 13. Qb4 a5 14. Qa4
Bd7 15. Bd3 Rb8 16. Bxe4 Rb4 17. Qa3 Rxe4 18. O-O-O f6 19. Rd4 Rxd4 20. Bxd4
Kf7 21. Qd6 Qe7 22. Qxe7+ Kxe7 23. Bc5+ Kf7 24. Rd1 Rb8 25. a4 Bc8 26. Rd3 Ba6
27. Rc3 Bc4 28. b3 Bf1 29. Bd6 Ra8 30. Rxc6 Bxg2 31. Rc5 Kg6 32. c3 Kf5 33. Bc7
Rc8 34. b4 axb4 35. cxb4 fxe5 36. fxe5 Ke4 37. Rc2 d4 38. b5 d3 39. Rc4+ Kf3
40. Kd2 g5 41. a5 h5 42. b6 Kf2 43. a6 Kg1 44. b7 Rf8 45. Bb6+ Kxh2 46. Rc8
Bxb7 47. axb7 Rxc8 48. bxc8=Q h4 49. Qxe6 h3 50. Qg4 1-0

[Event "España ch-2015 sub-16"]
[Site "Salobreña ESP"]
[Date "2015.07.21"]
[Round "3.25"]
[White "Aliane Diez, Aaron"]
[Black "Chueca Lorente, Javier"]
[Result "0-1"]
[WhiteElo "1834"]
[BlackElo "2123"]
[PlyCount "74"]
[EventDate "2015.07.20"]
[EventType "swiss"]
[EventRounds "9"]
[EventCountry "ESP"]
[Source "lmi"]
[SourceDate "2015.07.20"]

1. d4 d5 2. c4 e6 3. Nc3 c6 4. cxd5 exd5 5. Qc2 Bd6 6. h3 g6 7. e3 Bf5 8. Bd3
Bxd3 9. Qxd3 Nf6 10. Nge2 O-O 11. O-O Re8 12. Bd2 Nbd7 13. Rae1 Rc8 14. Qb1 a6
15. Rc1 c5 16. dxc5 Nxc5 17. Rfd1 Bb8 18. Nd4 Qd6 19. g3 h5 20. h4 Ng4 21. Nde2
Ne5 22. Be1 Qd7 23. Nf4 Nf3+ 24. Kg2 Nxh4+ 25. gxh4 Bxf4 26. exf4 Qg4+ 27. Kf1
Qxh4 28. Kg1 Qg4+ 29. Kh1 Qf3+ 30. Kg1 h4 31. Rxd5 f5 32. Rxf5 gxf5 33. Qxf5
Rc7 34. Ne4 Rg7+ 35. Ng5 h3 36. Qh7+ Rxh7 37. Nxf3 h2+ 0-1

[Event "España ch-2015 sub-16"]
[Site "Salobreña ESP"]
[Date "2015.07.21"]
[Round "3.26"]
[White "Ventura Bolet, Alexandre"]
[Black "De La Pena Garcia, Blanca"]
[Result "1/2-1/2"]
[WhiteElo "2087"]
[BlackElo "1808"]
[PlyCount "82"]
[EventDate "2015.07.20"]
[EventType "swiss"]
[EventRounds "9"]
[EventCountry "ESP"]
[Source "lmi"]
[SourceDate "2015.07.20"]

1. e4 c5 2. Nf3 d6 3. d4 cxd4 4. Nxd4 Nf6 5. Nc3 a6 6. Bc4 b5 7. Bb3 e6 8. O-O
Be7 9. Re1 O-O 10. f4 Bb7 11. f5 e5 12. Nf3 Nbd7 13. h3 Nc5 14. Bd5 Bxd5 15.
exd5 b4 16. Ne2 Nce4 17. Qd3 Qc8 18. Be3 Qxf5 19. Rf1 Qc8 20. Rad1 Rd8 21. Kh2
Nc5 22. Qd2 a5 23. Ng3 Nce4 24. Nxe4 Nxe4 25. Qd3 f5 26. Ne1 Rf8 27. Nf3 Qe8
28. Nd2 Nxd2 29. Rxd2 f4 30. Bf2 Qh5 31. c4 Rad8 32. Bb6 Ra8 33. c5 Bd8 34. Qb5
Qg5 35. Qd7 Qg3+ 36. Kh1 Bxb6 37. cxb6 f3 38. gxf3 Rxf3 39. Rxf3 Qxf3+ 40. Rg2
Qf1+ 41. Kh2 Qf4+ 1/2-1/2

[Event "España ch-2015 sub-16"]
[Site "Salobreña ESP"]
[Date "2015.07.21"]
[Round "3.27"]
[White "Losa Ordonez, Juan Jose"]
[Black "Porlan Minarro, Antonio"]
[Result "0-1"]
[WhiteElo "1822"]
[BlackElo "2040"]
[PlyCount "80"]
[EventDate "2015.07.20"]
[EventType "swiss"]
[EventRounds "9"]
[EventCountry "ESP"]
[Source "lmi"]
[SourceDate "2015.07.20"]

1. e4 c5 2. Nf3 Nf6 3. Nc3 d5 4. e5 Nfd7 5. d4 e6 6. Bf4 Nc6 7. dxc5 Bxc5 8.
Bd3 f6 9. exf6 Nxf6 10. O-O O-O 11. Bg3 Bd7 12. Re1 e5 13. Nxe5 Nxe5 14. Rxe5
Ng4 15. Re2 Qg5 16. Nxd5 Nxf2 17. Bxf2 Rxf2 18. Rxf2 Rf8 19. Be4 Rxf2 20. Kh1
Bb5 21. Nc7 Rf1+ 22. Qxf1 Bxf1 23. Bd5+ Kh8 24. Rxf1 Qe5 25. Bxb7 Qxc7 26. Bf3
g6 27. b3 Bd6 28. Bd5 Qxc2 29. a4 Kg7 30. Bc4 h5 31. Rf7+ Kh6 32. Rf6 Qd1+ 33.
Rf1 Qg4 34. Rf3 Qh4 35. h3 Qe1+ 36. Rf1 Qg3 37. Kg1 Qh2+ 38. Kf2 Bc5+ 39. Kf3
h4 40. Bd5 Qg3+ 0-1

[Event "España ch-2015 sub-16"]
[Site "Salobreña ESP"]
[Date "2015.07.21"]
[Round "3.28"]
[White "Ros Alonso, Jaume"]
[Black "Lechuga Cabrero, Luis Miguel"]
[Result "1/2-1/2"]
[WhiteElo "2028"]
[BlackElo "1795"]
[PlyCount "197"]
[EventDate "2015.07.20"]
[EventType "swiss"]
[EventRounds "9"]
[EventCountry "ESP"]
[Source "lmi"]
[SourceDate "2015.07.20"]

1. e4 e5 2. Nf3 Nc6 3. Bb5 a6 4. Ba4 Nf6 5. O-O Be7 6. Re1 b5 7. Bb3 d6 8. c3
Na5 9. Bc2 c5 10. h3 O-O 11. d4 Qc7 12. Nbd2 Re8 13. b4 cxb4 14. cxb4 Nc6 15.
Bb3 h6 16. a3 exd4 17. Bb2 Ne5 18. Bxd4 Ng6 19. Rc1 Qd7 20. Nf1 Nf4 21. Ng3
N6h5 22. Nxh5 Nxh5 23. Bb6 Bd8 24. Bxd8 Rxd8 25. Qd5 Nf4 26. Qxa8 Nxg2 27. Kxg2
Qxh3+ 28. Kg1 Qg4+ 29. Kf1 Qxf3 30. Bxf7+ Kxf7 31. Rc7+ Kf8 32. Rxc8 Qh3+ 33.
Ke2 Qxc8 34. Qd5 Qc4+ 35. Qxc4 bxc4 36. Rc1 Rc8 37. Ke3 Ke7 38. Kd4 Ke6 39. a4
h5 40. f4 c3 41. b5 axb5 42. axb5 c2 43. b6 h4 44. b7 Rb8 45. Rxc2 Rxb7 46. Rh2
Rb4+ 47. Kd3 h3 48. Ke3 Rb3+ 49. Kd4 Rg3 50. Rh1 g6 51. Rh2 Rf3 52. Rh1 Ra3 53.
Rh2 Ra8 54. f5+ gxf5 55. exf5+ Kxf5 56. Rxh3 Ke6 57. Rh6+ Kd7 58. Kd5 Ra5+ 59.
Kd4 Kc6 60. Kd3 Ra4 61. Rh5 Rg4 62. Rh3 Kc5 63. Kd2 Ra4 64. Rh5+ d5 65. Rh3
Ra2+ 66. Kd1 Kc4 67. Rh4+ d4 68. Rh3 Rg2 69. Rf3 Rh2 70. Rg3 Ra2 71. Rh3 Ra8
72. Kd2 Rg8 73. Kd1 Rg5 74. Kd2 Rb5 75. Kd1 Rc5 76. Kd2 Re5 77. Kd1 Re4 78. Kd2
Rf4 79. Kd1 Rg4 80. Kd2 Rg2+ 81. Kd1 Ra2 82. Rg3 Kd5 83. Rh3 Ke4 84. Rh4+ Kd5
85. Rh5+ Kc4 86. Rh3 Ra1+ 87. Kd2 Rg1 88. Rf3 Kd5 89. Rh3 Rg2+ 90. Kd1 Rg4 91.
Kd2 Ke4 92. Kd1 Rg1+ 93. Kd2 Rg2+ 94. Kd1 Rg4 95. Kd2 Rf4 96. Kd1 d3 97. Rh8
Kd4 98. Rd8+ Ke3 99. Re8+ 1/2-1/2

[Event "España ch-2015 sub-16"]
[Site "Salobreña ESP"]
[Date "2015.07.21"]
[Round "3.29"]
[White "Rodriguez Sanz, Ismael"]
[Black "Aledo Yanguas, Javier"]
[Result "0-1"]
[WhiteElo "1816"]
[BlackElo "2017"]
[PlyCount "74"]
[EventDate "2015.07.20"]
[EventType "swiss"]
[EventRounds "9"]
[EventCountry "ESP"]
[Source "lmi"]
[SourceDate "2015.07.20"]

1. e4 c6 2. d4 d5 3. exd5 cxd5 4. Bf4 Nc6 5. c3 Nf6 6. Bd3 a6 7. Nd2 b5 8. Ngf3
Bg4 9. O-O e6 10. h3 Bh5 11. Re1 Bd6 12. Bxd6 Qxd6 13. Be2 O-O 14. Nb3 Bxf3 15.
Bxf3 Nd7 16. Qd3 Rab8 17. Rac1 a5 18. Rc2 a4 19. Nd2 b4 20. c4 b3 21. axb3 Nb4
22. Qc3 Nxc2 23. Qxc2 axb3 24. Qc3 dxc4 25. Nxc4 Qb4 26. Qxb4 Rxb4 27. Nd2 Rxd4
28. Nxb3 Rb4 29. Re3 Nb6 30. Bd1 Nc4 31. Re2 Rfb8 32. g3 Rxb3 33. Bxb3 Rxb3 34.
Rc2 Nb6 35. Kg2 g6 36. h4 Na4 37. h5 gxh5 0-1

[Event "España ch-2015 sub-16"]
[Site "Salobreña ESP"]
[Date "2015.07.21"]
[Round "3.30"]
[White "Lerendegui Lasa, Odei"]
[Black "Garcia Sobrino, David"]
[Result "0-1"]
[WhiteElo "1797"]
[BlackElo "2011"]
[PlyCount "72"]
[EventDate "2015.07.20"]
[EventType "swiss"]
[EventRounds "9"]
[EventCountry "ESP"]
[Source "lmi"]
[SourceDate "2015.07.20"]

1. e4 e6 2. Nf3 d5 3. Nc3 Nf6 4. e5 Nfd7 5. d4 c5 6. dxc5 Nc6 7. Bf4 Nxc5 8.
Bd3 Be7 9. h4 a6 10. Ng5 Nxd3+ 11. Qxd3 d4 12. Ne2 Nb4 13. Qb3 d3 14. cxd3
Nxd3+ 15. Kf1 Nxf4 16. Qa4+ Bd7 17. Qxf4 f6 18. exf6 Bxf6 19. Rd1 Qe7 20. Ng3
O-O 21. Qe4 g6 22. Kg1 Bxg5 23. hxg5 Bc6 24. Qe5 Rad8 25. Rxd8 Rxd8 26. Kh2 Rd5
27. Qb8+ Rd8 28. Qe5 Rd2 29. Qb8+ Qf8 30. Qe5 Qxf2 31. Qxe6+ Qf7 32. Qc8+ Kg7
33. Rg1 Qf4 34. Qh3 Qxg5 35. Nf5+ gxf5 36. Qc3+ Kg6 0-1

[Event "España ch-2015 sub-16"]
[Site "Salobreña ESP"]
[Date "2015.07.21"]
[Round "3.31"]
[White "Anton Quevedo, Andrea"]
[Black "Jarque Megias, Juan Jose"]
[Result "0-1"]
[WhiteElo "1794"]
[BlackElo "1987"]
[PlyCount "162"]
[EventDate "2015.07.20"]
[EventType "swiss"]
[EventRounds "9"]
[EventCountry "ESP"]
[Source "lmi"]
[SourceDate "2015.07.20"]

1. e4 c5 2. Nf3 d6 3. d4 cxd4 4. Nxd4 Nf6 5. Nc3 a6 6. Bg5 e6 7. f4 Be7 8. Qf3
Qc7 9. Bd3 Nbd7 10. O-O-O O-O 11. Qg3 b5 12. Nf3 b4 13. Ne2 e5 14. Rhf1 Bb7 15.
Nd2 Nc5 16. Bxf6 Bxf6 17. f5 a5 18. Qe3 Nxd3+ 19. Qxd3 Ba6 20. Qe3 Rfc8 21. c4
Bxc4 22. Nxc4 Qxc4+ 23. Kb1 Qa6 24. Ng3 Kf8 25. Nh5 Ke7 26. g4 h6 27. Qg3 Qe2
28. Qf3 Qxf3 29. Rxf3 Rc4 30. Ng3 Rac8 31. h3 Bh4 32. b3 R4c6 33. Ne2 Bg5 34.
Rfd3 Rc2 35. Ng3 Rc1+ 36. Rxc1 Rxc1+ 37. Kb2 Rc6 38. Rd5 Rc3 39. f6+ gxf6 40.
Nf5+ Ke8 41. Nxd6+ Kf8 42. Nf5 Rc8 43. Rxa5 Bc1+ 44. Kb1 Ba3 45. Rxa3 bxa3 46.
Nd6 Rc3 47. Nc4 Rxh3 48. Nxa3 Rg3 49. Nc4 Rxg4 50. a4 Ke7 51. a5 Kd7 52. a6 Kc6
53. b4 Kb5 54. a7 Rg8 55. Nd6+ Ka6 56. Nxf7 Kxa7 57. Nxh6 Rb8 58. Kc2 Rxb4 59.
Kd3 Rd4+ 60. Ke3 Kb6 61. Ng8 Rd6 62. Ne7 Kc5 63. Nf5 Ra6 64. Kd3 Ra3+ 65. Ke2
Rh3 66. Kd2 Kc4 67. Ke2 Kc3 68. Ne3 Kd4 69. Ng4 Ra3 70. Nxf6 Ra6 71. Nd7 Rd6
72. Nf8 Kxe4 73. Nh7 Kf4 74. Nf8 e4 75. Nh7 e3 76. Nf8 Ke4 77. Nh7 Rd2+ 78. Ke1
Kd3 79. Ng5 Ra2 80. Kf1 Ra1+ 81. Kg2 e2 0-1

[Event "España ch-2015 sub-16"]
[Site "Salobreña ESP"]
[Date "2015.07.21"]
[Round "3.32"]
[White "Guerrero Mendez, Jesus"]
[Black "Goni Navarro, Pablo"]
[Result "0-1"]
[WhiteElo "1768"]
[BlackElo "1978"]
[PlyCount "74"]
[EventDate "2015.07.20"]
[EventType "swiss"]
[EventRounds "9"]
[EventCountry "ESP"]
[Source "lmi"]
[SourceDate "2015.07.20"]

1. e4 c5 2. b3 d6 3. Bb2 Nf6 4. Nc3 Nbd7 5. Bb5 e6 6. f4 a6 7. Bxd7+ Bxd7 8.
Nf3 Bc6 9. d3 Be7 10. O-O O-O 11. Qe1 b5 12. h3 Nd7 13. Nd1 d5 14. Qg3 Bf6 15.
Bxf6 Qxf6 16. e5 Qg6 17. Qh2 f6 18. exf6 Qxf6 19. f5 Qxa1 20. Qd6 Rac8 21. fxe6
Ne5 22. e7 Nxf3+ 23. Kh1 Qe5 24. exf8=Q+ Rxf8 25. Qxe5 Nxe5 26. Re1 Re8 27. Nf2
Ng6 28. Rxe8+ Bxe8 29. Nd1 Bc6 30. Ne3 Kf7 31. Nf5 d4 32. Kg1 Nf4 33. Nd6+ Ke6
34. Nc8 Bb7 35. Nb6 Kd6 36. a4 Nxg2 37. Kf2 Ne3 0-1

[Event "España ch-2015 sub-16"]
[Site "Salobreña ESP"]
[Date "2015.07.21"]
[Round "3.33"]
[White "Gonzalez Capacete, Jose Miguel"]
[Black "Llaneza Mendez, Javier"]
[Result "1-0"]
[WhiteElo "1977"]
[BlackElo "1747"]
[PlyCount "103"]
[EventDate "2015.07.20"]
[EventType "swiss"]
[EventRounds "9"]
[EventCountry "ESP"]
[Source "lmi"]
[SourceDate "2015.07.20"]

1. e4 e5 2. Nf3 Nc6 3. Bb5 a6 4. Ba4 Nf6 5. O-O b5 6. Bb3 Be7 7. Re1 O-O 8. d4
d6 9. c3 Bg4 10. Be3 Na5 11. dxe5 Bxf3 12. Qxf3 dxe5 13. Bc2 c5 14. Nd2 Qc7 15.
Nf1 Nc4 16. Bc1 Rfd8 17. Ng3 Nd6 18. Be3 Rac8 19. a4 b4 20. cxb4 cxb4 21. Bb3
a5 22. Rad1 Qb7 23. Bg5 h6 24. Bxf6 Bxf6 25. Qg4 Rc5 26. Nh5 Qe7 27. Rd3 Kh8
28. Red1 g6 29. Ng3 Bg5 30. h3 Kh7 31. Bxf7 Qxf7 32. Rxd6 Rxd6 33. Rxd6 Rc2 34.
Rd7 Be7 35. Nf5 gxf5 36. Qxf5+ Qxf5 37. exf5 Kg7 38. Rxe7+ Kf6 39. Ra7 Kxf5 40.
Rxa5 Rxb2 41. Rb5 Rb1+ 42. Kh2 Ke4 43. a5 Kd4 44. a6 Kc4 45. Ra5 Rd1 46. a7 Rd8
47. a8=Q Rxa8 48. Rxa8 b3 49. Rb8 Kc3 50. Kg3 h5 51. Kf3 e4+ 52. Kxe4 1-0

[Event "España ch-2015 sub-16"]
[Site "Salobreña ESP"]
[Date "2015.07.21"]
[Round "3.34"]
[White "Lagos Lejarraga, Jon"]
[Black "Guerrero Mendez, Luis"]
[Result "0-1"]
[WhiteElo "1965"]
[BlackElo "1732"]
[PlyCount "110"]
[EventDate "2015.07.20"]
[EventType "swiss"]
[EventRounds "9"]
[EventCountry "ESP"]
[Source "lmi"]
[SourceDate "2015.07.20"]

1. e4 e6 2. d4 d5 3. Nc3 dxe4 4. Nxe4 Bd7 5. Nf3 Bc6 6. Bd3 Nd7 7. c3 Ngf6 8.
Ng3 Be7 9. O-O Bxf3 10. Qxf3 c6 11. Bf4 O-O 12. Rad1 Qb6 13. Bc1 a5 14. Rfe1
Rfe8 15. Ne4 Rac8 16. Qh3 g6 17. Bc4 Nd5 18. Ng5 Bxg5 19. Bxg5 Qxb2 20. Rd3 Qa3
21. Qh4 Qf8 22. Rb1 b5 23. Bb3 f6 24. Bd2 a4 25. Bc2 Qg7 26. Rg3 Ne7 27. Qe4
Nf5 28. Rh3 Nb6 29. Re1 Nc4 30. Bc1 c5 31. d5 Nfd6 32. Qf3 exd5 33. Qxd5+ Qf7
34. Qxf7+ Kxf7 35. Rxh7+ Kg8 36. Rhe7 Ne5 37. Rxe8+ Rxe8 38. Kf1 Kf7 39. Be3
Nec4 40. Bf4 g5 41. Bc1 Rxe1+ 42. Kxe1 Ke6 43. Ke2 Ke5 44. g3 g4 45. f3 f5 46.
Bf4+ Kd5 47. fxg4 fxg4 48. Bh7 b4 49. Bg8+ Ke4 50. Bh7+ Kd5 51. Kd3 b3 52. Bg8+
Kc6 53. axb3 a3 54. Bxd6 a2 55. Bxc4 Kxd6 0-1

[Event "España ch-2015 sub-16"]
[Site "Salobreña ESP"]
[Date "2015.07.21"]
[Round "3.35"]
[White "Tabera Benitez, Sebastian"]
[Black "Llamas Guevara, Francisco Jose"]
[Result "1/2-1/2"]
[WhiteElo "1758"]
[BlackElo "1945"]
[PlyCount "108"]
[EventDate "2015.07.20"]
[EventType "swiss"]
[EventRounds "9"]
[EventCountry "ESP"]
[Source "lmi"]
[SourceDate "2015.07.20"]

1. e4 e6 2. d4 d5 3. Nc3 dxe4 4. Nxe4 Bd7 5. Bd3 Bc6 6. Nf3 Nd7 7. O-O Ngf6 8.
Ng3 Bxf3 9. Qxf3 c6 10. c4 Be7 11. b3 O-O 12. Bb2 Qb6 13. Bc2 Rfe8 14. Rad1 a5
15. a4 Qc7 16. Rfe1 b5 17. Bb1 bxa4 18. bxa4 Rab8 19. Ba1 Rb4 20. d5 cxd5 21.
cxd5 Nxd5 22. Rxd5 exd5 23. Nf5 Bf8 24. Rd1 Rxa4 25. Nh6+ gxh6 26. Qf5 Rae4 27.
Bxe4 Rxe4 28. Qxd5 Rc4 29. Bb2 a4 30. g3 a3 31. Bxa3 Bxa3 32. Qxd7 Qxd7 33.
Rxd7 Bc5 34. Rd2 Kg7 35. Kg2 Rd4 36. Rc2 Bb4 37. Rb2 Kg6 38. h4 h5 39. Kf3 Rc4
40. Re2 Rc3+ 41. Kg2 Bc5 42. Ra2 Bd4 43. Rd2 Be5 44. Re2 Bf6 45. Ra2 Rb3 46.
Rd2 Be5 47. Re2 f6 48. Ra2 Rb2 49. Ra3 Bd4 50. Rf3 Rxf2+ 51. Rxf2 Bxf2 52. Kxf2
Kf5 53. Kf3 h6 54. Ke3 Ke5 1/2-1/2

[Event "España ch-2015 sub-16"]
[Site "Salobreña ESP"]
[Date "2015.07.21"]
[Round "3.36"]
[White "Porta Tovar, Guillem"]
[Black "Gillis Onieva, Celia"]
[Result "1-0"]
[WhiteElo "1945"]
[BlackElo "1723"]
[PlyCount "77"]
[EventDate "2015.07.20"]
[EventType "swiss"]
[EventRounds "9"]
[EventCountry "ESP"]
[Source "lmi"]
[SourceDate "2015.07.20"]

1. e4 c5 2. Nf3 Nc6 3. d4 cxd4 4. Nxd4 g6 5. Nc3 Bg7 6. Be3 Nf6 7. Bc4 Qa5 8.
O-O O-O 9. Bb3 d6 10. h3 Bd7 11. f4 b5 12. a3 b4 13. axb4 Qxb4 14. Qd3 Qb7 15.
e5 dxe5 16. Nxc6 Bxc6 17. fxe5 Rfd8 18. Bxf7+ Kxf7 19. Qc4+ Bd5 20. Nxd5 Qxd5
21. Qf4 Kg8 22. exf6 exf6 23. Rxa7 Rxa7 24. Bxa7 f5 25. b3 Rc8 26. c4 Qb7 27.
Qe3 Bh6 28. Qe6+ Kf8 29. Bd4 Bg7 30. Bxg7+ Kxg7 31. Rd1 Qxb3 32. Qe7+ Kg8 33.
Qe6+ Kg7 34. Qe7+ Kg8 35. Rd7 Qb1+ 36. Kf2 Qb2+ 37. Kg3 Qb3+ 38. Kh4 Qxc4+ 39.
g4 1-0